000 00336nam a2200133Ia 4500
008 220524s9999 xx 000 0 und d
041 _aeng
082 _a391
100 _aSdinger Jacob
_96360
245 _aApparel Manufacturing Analysis chapter( 1 to XV)
260 _bTextile book Publisher
650 _aApparel
_96361
906 _a447
999 _c6813
_d6813